[Event "Pinneberg-ch"]
[Site "Pinneberg"]
[Date "2009.08.27"]
[Round "1"]
[White "Hitzker, Johann"]
[Black "Goettsche, Jens"]
[Result "0-1"]
[WhiteElo "1434"]
[BlackElo "1836"]
[PlyCount "60"]
[EventDate "2009.08.27"]
[EventType "swiss"]
[EventRounds "7"]
[EventCountry "GER"]
[SourceTitle "EXT 2012"]
[Source "ChessBase"]
[SourceDate "2011.11.24"]
[SourceVersion "1"]
[SourceVersionDate "2011.11.24"]
[SourceQuality "1"]

1. c4 Nf6 2. d4 g6 3. Nc3 d5 4. cxd5 Nxd5 5. e4 Nxc3 6. bxc3 Bg7 7. Bc4 c5 8. Ne2 0-0 9. 0-0 Qc7 10. Qb3 Nc6 11. Nf4 cxd4 12. Nd5 Qd8 13. Ba3 Re8 14. Rad1 e6 15. Ne3 Qh4 16. Nc2 Qxe4 17. Rfe1 Qf4 18. Bc1 Qc7 19. cxd4 Na5 20. Qb5 Bd7 21. Qc5 Rac8 22. Qxc7 Rxc7 23. Bd3 Ba4 24. Rd2 Rec8 25. Ree2 Bxd4 26. h3 Bc3 27. Rd1 Bf6 28. Rdd2 Nc4 29. Rd1 Kg7 30. Bxc4 Rxc4 0-1